Papeles de Europa
| Previous Title: | Papeles del este |
|---|---|
| Corporate Author: | |
| Format: | Electronic Journal |
| Language: | Spanish English French |
| Published: |
Madrid, Spain :
Instituto Complutense de Estudios Internacionales
|
| Subjects: | |
| Online Access: | Full text available from PRISMA Database with HAPI Index: 01/01/2009 to 01/31/2016 |
MARC
| LEADER | 00000nas a2200000 a 4500 | ||
|---|---|---|---|
| 001 | ssj0000388558 | ||
| 003 | WaSeSS | ||
| 005 | 20200512172242.0 | ||
| 006 | m d | ||
| 007 | cr n | ||
| 008 | 100326c20099999sp fr p s 0 0spa c | ||
| 010 | |a 2010252670 | ||
| 022 | |a 1989-5917 |l 1989-5917 | ||
| 035 | |a (WaSeSS)ssj0000388558 | ||
| 040 | |a WAU |b eng |c WAU |d WAU |d DOS |d DLC |d OCLCQ |d TXA |d OCLCQ |d OCLCF |d OCLCO |d OCL |d OCLCQ |d VT2 |d OCL |d WaSeSS | ||
| 041 | 0 | |a spa |a eng |a fre | |
| 042 | |a pcc | ||
| 043 | |a e------ | ||
| 050 | 1 | 4 | |a HC241.2 |b .P325 |
| 210 | 1 | |a Pap. Eur. | |
| 222 | 0 | |a Papeles de Europa | |
| 245 | 0 | 0 | |a Papeles de Europa |h [electronic resource]. |
| 260 | |a Madrid, Spain : |b Instituto Complutense de Estudios Internacionales | ||
| 310 | |a Semiannual | ||
| 362 | 1 | |a Began with: Vol. 18 (2009). | |
| 506 | |a License restrictions may limit access. | ||
| 546 | |a Spanish, English or French. | ||
| 588 | |a Description based on: Vol. 18 (2009); title from journal home page (publisher's Web site, viewed Mar. 25, 2010). | ||
| 588 | |a Latest issue consulted: No. 25 (2012) (publisher's Web site, viewed Jan. 30, 2013). | ||
| 650 | 7 | |a Economic history. |2 fast |0 (OCoLC)fst00901974 | |
| 650 | 7 | |a Politics and government. |2 fast |0 (OCoLC)fst01919741 | |
| 650 | 7 | |a Social conditions. |2 fast |0 (OCoLC)fst01919811 | |
| 651 | 0 | |a European Union countries |x Economic conditions |v Periodicals. | |
| 651 | 0 | |a European Union countries |x Politics and government |v Periodicals. | |
| 651 | 0 | |a European Union countries |x Social conditions |v Periodicals. | |
| 651 | 7 | |a European Union countries. |2 fast |0 (OCoLC)fst01269470 | |
| 655 | 0 | |a Electronic journals. | |
| 710 | 2 | |a Instituto Complutense de Estudios Internacionales (Madrid, Spain) | |
| 780 | 0 | 0 | |t Papeles del este |x 1576-6500 |w (DLC) 2010252671 |w (OCoLC)70955829 |
| 856 | 4 | 0 | |z Full text available from PRISMA Database with HAPI Index: 01/01/2009 to 01/31/2016 |u https://search.proquest.com/publication/85349 |